All you wanted to know about mathematics but were afraid to ask : (Record no. 8407)

MARC details
000 -LEADER
fixed length control field 01244cam a2200325 a 4500
001 - CONTROL NUMBER
control field 2542386
003 - CONTROL NUMBER IDENTIFIER
control field OSt
005 - DATE AND TIME OF LATEST TRANSACTION
control field 20240612111005.0
008 - FIXED-LENGTH DATA ELEMENTS--GENERAL INFORMATION
fixed length control field 940621m19951998enka 001 0 eng
010 ## - LIBRARY OF CONGRESS CONTROL NUMBER
LC control number 94028451
020 ## - INTERNATIONAL STANDARD BOOK NUMBER
International Standard Book Number 0521434653 (hardback : v. 1)
020 ## - INTERNATIONAL STANDARD BOOK NUMBER
International Standard Book Number 0521436001 (pbk. : v. 1)
020 ## - INTERNATIONAL STANDARD BOOK NUMBER
International Standard Book Number 0521434661 (hardback : v. 2)
020 ## - INTERNATIONAL STANDARD BOOK NUMBER
International Standard Book Number 052143601X (pbk. : v. 2)
040 ## - CATALOGING SOURCE
Original cataloging agency MUST LIB
Transcribing agency MUST
050 00 - LIBRARY OF CONGRESS CALL NUMBER
Classification number QA39.2
Item number .L97 1995
082 00 - DEWEY DECIMAL CLASSIFICATION NUMBER
Classification number 510
Item number LYO
100 1# - MAIN ENTRY--PERSONAL NAME
Personal name Lyons, Louis.
9 (RLIN) 10087
245 10 - TITLE STATEMENT
Title All you wanted to know about mathematics but were afraid to ask :
Remainder of title mathematics for science students /
Statement of responsibility, etc. Louis Lyons.
260 ## - PUBLICATION, DISTRIBUTION, ETC. (IMPRINT)
Place of publication, distribution, etc. Cambridge ;
-- New York :
Name of publisher, distributor, etc. Cambridge University Press,
Date of publication, distribution, etc. 1995-1998.
300 ## - PHYSICAL DESCRIPTION
Extent 2 v. :
Other physical details ill. ;
Dimensions 24 cm.
500 ## - GENERAL NOTE
General note Includes indexes.
650 #0 - SUBJECT ADDED ENTRY--TOPICAL TERM
Topical term or geographic name as entry element Mathematics.
856 42 - ELECTRONIC LOCATION AND ACCESS
Materials specified Publisher description
Uniform Resource Identifier http://www.loc.gov/catdir/description/cam026/94028451.html
856 41 - ELECTRONIC LOCATION AND ACCESS
Materials specified Table of contents
Uniform Resource Identifier http://www.loc.gov/catdir/toc/cam021/94028451.html
906 ## - LOCAL DATA ELEMENT F, LDF (RLIN)
a 7
b cbc
c orignew
d 1
e ocip
f 19
g y-gencatlg
942 ## - ADDED ENTRY ELEMENTS (KOHA)
Source of classification or shelving scheme Other/Generic Classification Scheme
Koha item type Book
Holdings
Withdrawn status Lost status Source of classification or shelving scheme Damaged status Not for loan Home library Current library Date acquired Source of acquisition Inventory number Total Checkouts Full call number Barcode Date last seen Price effective from Koha item type
    Other/Generic Classification Scheme     MUST Main Library MUST Main Library 12/06/2024 Donation 09/31750   510 LYO 2024-20331 12/06/2024 12/06/2024 Book